| 000 | | | 03618cbm0a2200253#x 450 |
| 001 | | | c5d75e20-5cdc-44c0-9a22-0f4fa10a821d |
| 005 | | | 20200421124926.0 |
| 100 | ## | $a | 20200401j19390503k###0rusy50 ca |
| 101 | 0# | $a | rus |
| 102 | ## | $a | RU |
| 122 | 0# | $a | d19390503## |
| 200 | 1# | $a | Постановление Политбюро ЦК ВКП(б) "О народном комиссаре иностранных дел" |
| | $j | 3 мая 1939 г. |
| 251 | ## | $c | Документ |
| 300 | ## | $a | Подлинник |
| 461 | #0 | $1 | 2001 |
| | $a | Ф. 17 |
| | $1 | 251 |
| | $c | Фонд |
| | $1 | 852 |
| | $j | 17 |
| 462 | #0 | $1 | 2001 |
| | $a | Оп. 163 |
| | $1 | 251 |
| | $c | Опись |
| | $1 | 852 |
| | $j | 163 |
| 462 | #0 | $1 | 2001 |
| | $a | Д. 1224 |
| | $v | Л. 52 |
| | $1 | 251 |
| | $c | Дело |
| | $1 | 852 |
| | $j | 1224 |
| 605 | ## | $a | Вторая мировая война в архивных документах (Комплекс оцифрованных архивных документов, кино- и фотоматериалов) |
| | $l | коллекция |
| | $2 | prlib_sh |
| | $3 | LIBNET\UAF\0000088514 |
| 617 | ## | $a | СССР |
| | $f | 1939 |
| | $2 | prlib_sh |
| 801 | #0 | $a | RU |
| | $b | ПБ им. Б.Н. Ельцина |
| | $c | 20200401 |
| 801 | #1 | $a | RU |
| | $b | ПБ им. Б.Н. Ельцина |
| | $c | 20200401 |
| | $2 | rusmarc |
| 801 | #2 | $a | RU |
| | $b | ПБ им. Б.Н. Ельцина |
| | $c | 20200421 |
| | $2 | rusmarc |
| 850 | ## | $a | Российский государственный архив социально-политической истории |
| 852 | ## | $a | РГАСПИ |
| | $j | Л. 52 |
| 035 | ## | $a | LIBNET\0001067995 |
| 937 | ## | $d | 144086068 |
| | $h | Российский государственный архив социально-политической истории |
| 856 | 4# | $u | http://readingroom.main.prlib.ru/item.aspx?id_node=n144086068&mode=full |